| 000 | 00496nam a2200169Ia 4500 | ||
|---|---|---|---|
| 008 | 140110s9999 xx 000 0 und d | ||
| 020 | _a9781593393369 | ||
| 040 | _aLoreto College | ||
| 041 | _aEnglish | ||
| 082 |
_a030/BRI _bLCLIB/45743 |
||
| 245 | _aEncyclopaedia Britannica Book of the year 2007 | ||
| 260 |
_aChicago _bEncyclopaedia Britannica Inc. _c2007 |
||
| 300 |
_a904p _bill _c27 cm |
||
| 504 | _aIncludes bibliography and sources and index | ||
| 850 | _aLCLIB/030/BRI | ||
| 942 | _cBK | ||
| 999 |
_c16570 _d67049 |
||